Women's role in the political process : Haryana Assembly elections 1977 :A study (Record no. 22976)

MARC details
000 -LEADER
fixed length control field 00320nam a2200121Ia 4500
082 ## - DEWEY DECIMAL CLASSIFICATION NUMBER
Classification number RR.0026
100 ## - MAIN ENTRY--AUTHOR NAME
Personal name Ranbir Singh
245 #0 - TITLE STATEMENT
Title Women's role in the political process : Haryana Assembly elections 1977 :A study
260 ## - PUBLICATION, DISTRIBUTION, ETC. (IMPRINT)
Year of publication 1980
300 ## - PHYSICAL DESCRIPTION
Number of Pages 119p.
942 ## - ADDED ENTRY ELEMENTS (KOHA)
Koha item type Books
Holdings
Withdrawn status Lost status Damaged status Not for loan Home library Current library Date acquired Bill Date Full call number Accession Number Price effective from Koha item type
        NASSDOC Library NASSDOC Library 08/10/2004 2004-10-22 RR.0026 14477 18/04/2019 Books